000 00676nam a2200253Ia 4500
003 OSt
005 20221005031959.0
006 a|||||r|||| 00| 0
007 ta
008 221004b |||||||| |||| 00| 0 tam d
020 _c03
024 _a63652
037 _cTextual
040 _aCRL
_cCRL
_btam
041 _2tam
_atam
082 _aO31,3NSHU,6, K5
100 _aShanmugasundharam R. Au.
_9584598
245 0 _aSatti Suttathu
260 _aChennai
_bTamil Puthakalayam India
_c1965
300 _a190p.
_ccm.
650 _aTAMIL LITERATURE
942 _hO31,3NSHU,6, K5
_cTEXL
_2cc
999 _c938831
_d938831